Secretary of state (Record no. 349011)

000 -LEADER
fixed length control field 00374cam a22001337a 4500
008 - FIXED-LENGTH DATA ELEMENTS--GENERAL INFORMATION
fixed length control field 180718b1978 xxu||||| |||| 00| 0 eng d
082 ## - DEWEY DECIMAL CLASSIFICATION NUMBER
Classification number I241x42 K992
100 ## - MAIN ENTRY--PERSONAL NAME
Personal name Kynaston, David
245 ## - TITLE STATEMENT
Title Secretary of state
Statement of responsibility, etc. by David Kynaston
260 ## - PUBLICATION, DISTRIBUTION, ETC.
Place of publication, distribution, etc. Lavenham
Name of publisher, distributor, etc. Terence Dalton
Date of publication, distribution, etc. 1978
300 ## - PHYSICAL DESCRIPTION
Extent 177p.
650 ## - SUBJECT ADDED ENTRY--TOPICAL TERM
Topical term or geographic name entry element U.K. - Secretary of state
650 ## - SUBJECT ADDED ENTRY--TOPICAL TERM
Topical term or geographic name entry element Prime ministres - U.K.
Holdings
Withdrawn status Lost status Damaged status Not for loan Permanent Location Current Location Date acquired Full call number Barcode Date last seen Price effective from Koha item type
        Indian Institute of Public Administration Indian Institute of Public Administration 1993-10-28 I241x42 K992 54225 2018-07-21 2018-07-21 Book
        Indian Institute of Public Administration Indian Institute of Public Administration 1994-01-12 I22x73 Am35 27774 2018-07-21 2018-07-21 Book

Powered by Koha